Memoria presentada a la Excma. Junta de Gobierno por Augusto Matte y Agustín Ross, Agentes Confidenciales del Gobierno de Iquique en Europa durante la revolución
Uloženo v:
| Hlavní autoři: | , |
|---|---|
| Médium: | Kniha |
| Jazyk: | španělština |
| Vydáno: |
París
Paul Dupont, 4 rue du Bouloi
1892
|
| Vydání: | 1a. ed |
| Témata: | |
| Tagy: |
Přidat tag
Žádné tagy, Buďte první, kdo vytvoří štítek k tomuto záznamu!
|
MARC
| LEADER | 00000nam a2200000 a 4500 | ||
|---|---|---|---|
| 001 | UCJ5246 | ||
| 003 | CL-VaPUC | ||
| 008 | 070124e18920000FR |||||||||||||||||spa|d | ||
| 082 | 0 | 4 | |a 983 |b MAT |2 21 |
| 100 | |a Matte, Augusto |e autor |9 510186 | ||
| 700 | 0 | |a Ross, Agustín |e author |9 477319 | |
| 245 | 1 | 0 | |a Memoria presentada a la Excma. Junta de Gobierno por Augusto Matte y Agustín Ross, Agentes Confidenciales del Gobierno de Iquique en Europa durante la revolución |
| 250 | |a 1a. ed | ||
| 300 | |a 286 p | ||
| 942 | |c BK | ||
| 945 | |d 20070124 00:00:00 |a rinostro | ||
| 260 | |a París |b Paul Dupont, 4 rue du Bouloi |c 1892 | ||
| 650 | 7 | |a GUERRA CIVIL DE 1891 |2 CL-VaPUC |9 408173 | |
| 650 | 0 | |a Diplomacia |9 256483 | |
| 650 | 7 | |a DOCUMENTOS |2 CL-VaPUC |9 366450 | |
| 650 | 0 | |a Historia de Chile |9 265473 | |
| 583 | |a last modification |c 20070124 00:00:00 |k Rodrigo Vera | ||
| 999 | |c 321359 |d 321357 | ||
| 952 | |0 0 |1 0 |4 0 |6 983_000000000000000_MAT_1892 |7 0 |8 X |9 400078 |a FDOBUD |b FDOBUD |d 2019-11-22 |i 1031929 |o 983 MAT 1892 |p 1031929 |r 2019-11-22 |w 2019-11-22 |y BK_X |k BUD | ||